000 00543nam a2200169 i 4500
001 146046
003 ES-MaACL
005 20230906201409.0
007 t|
008 071018s1932 sp ||||1| spa d
100 1 _aVelde, Theodoor Hendrik van de.
_9113819
245 1 3 _aLa erótica en el matrimonio
_b: su importancia decisiva /
_cTh. H. van de Velde ; versión española de José W. Naké.
260 _aMadrid :
_bJavier Morata,
_c1932.
300 _a151 p. ;
_c20 cm.
700 1 _aNake, José W.
_984879
852 _aES-MaACL
_jF-13784
999 _c146046
_d146046